[Event "Thanksgiving Open 2011"]
[Site "?"]
[Date "2011.11.27"]
[Round "5"]
[White "Hosler, Matt"]
[Black "Cao, Kevin"]
[Result "0-1"]
[WhiteElo "2233"]
[BlackElo "1749"]
[PlyCount "114"]
[EventDate "2011.??.??"]
[SourceDate "2011.11.27"]

1. e4 e5 2. Bc4 Nf6 3. d3 Bc5 4. Nc3 d6 5. Na4 Bb6 6. Nxb6 axb6 7. f4 Nc6 8.
Nf3 Qe7 9. O-O Na5 10. Nd2 Bd7 11. b4 Nxc4 12. Nxc4 b5 13. Ne3 exf4 14. Nf5
Bxf5 15. exf5 Qd7 16. Qe1+ Kd8 17. Bxf4 Nd5 18. Bd2 f6 19. c4 bxc4 20. dxc4 Nb6
21. c5 Nc4 22. cxd6 Nxd2 23. Qxd2 Qxd6 24. Qc3 Kc8 25. a4 Rd8 26. Rfe1 Qd7 27.
a5 Ra6 28. Qf3 Qb5 29. Qf4 Rc6 30. Rac1 Rxc1 31. Rxc1 Qd7 32. Qc4 Qd4+ 33. Kf1
Qxc4+ 34. Rxc4 Rd5 35. Rf4 Kd7 36. Ke2 Kc6 37. Rc4+ Kd6 38. g4 c6 39. Ke3 Re5+
40. Kd3 Re1 41. h4 Ke5 42. Rc5+ Kf4 43. Rc4+ Kf3 44. g5 Rd1+ 45. Kc2 Rd5 46.
gxf6 gxf6 47. Kc3 Rxf5 48. Rd4 h5 49. Rd8 Rb5 50. Rd7 f5 51. Rg7 f4 52. Rg5 Ke3
53. Rg7 f3 54. Kb3 Kd2 55. Rd7+ Ke2 56. Re7+ Kf1 57. Kc3 Rf5 0-1

[Event "Thanksgiving Open 2011"]
[Site "?"]
[Date "2011.12.18"]
[Round "?"]
[White "Finegold, Spencer"]
[Black "Diamant, Andre"]
[Result "0-1"]
[WhiteElo "2130"]
[BlackElo "2500"]
[PlyCount "52"]
[EventDate "2011.??.??"]
[SourceDate "2011.12.18"]

1. e4 c5 2. Nf3 e6 3. d3 Nc6 4. g3 g6 5. Bg2 Bg7 6. O-O Nge7 7. Nbd2 d6 8. c3
O-O 9. Qe2 b6 10. a4 Bb7 11. h3 Qc7 12. Re1 Rad8 13. Nf1 h6 14. Bf4 e5 15. Bd2
d5 16. Ne3 d4 17. Nc4 dxc3 18. Bxc3 Bc8 19. Rad1 Be6 20. Nfd2 Qd7 21. f4 exf4
22. Bxg7 Kxg7 23. gxf4 Qxd3 24. Qxd3 Rxd3 25. e5 Rd4 26. Nd6 Rxf4 0-1